000 00671nam a2200205 a 4500
008 120416s2003 ||||||||||||||||| || u
020 _a0070418780
050 _aTD 645 Tch
100 _aBurton, Franklin L
245 1 0 _aWastewater engineering: treatment and reuse. (4th ed.)
250 _a4th ed.
260 _aBoston:
_bMcGraw-Hill
_c2003
300 _axxviii, 1819p. : ill.
350 _a0.00
650 _aSEWERAGE
650 _aSEWERAGE DISPOSAL
650 _aWATER REUSE
700 _aTchobanoglous, George
995 _D0.00
_FCBU-MAIN LIBRARY (Kitwe)
_H1
_I49.99
_M1
_UDAMAGED
_ZMain Library Open Access Collection
999 _c61446
_d61446